[Event "Oberliga Baden 0405"]
[Site "Germany"]
[Date "2005.03.13"]
[Round "8.4"]
[White "Milosevic, Goran"]
[Black "Srokowski, Jaroslav"]
[Result "1/2-1/2"]
[WhiteElo "2389"]
[BlackElo "2435"]
[PlyCount "37"]
[EventDate "2004.10.24"]
[EventType "team-tourn"]
[EventRounds "9"]
[EventCountry "GER"]
[SourceTitle "EXT 2007"]
[Source "ChessBase"]
[SourceDate "2006.11.23"]
[SourceVersion "1"]
[SourceVersionDate "2006.11.23"]
[SourceQuality "1"]
[WhiteTeam "Konstanz"]
[BlackTeam "Baden Oos II"]
[WhiteTeamCountry "GER"]
[BlackTeamCountry "GER"]

1. e4 c5 2. Nf3 e6 3. d4 cxd4 4. Nxd4 Nc6 5. Nc3 Qc7 6. g3 a6 7. Bg2 Nf6 8. 0-0 Bc5 9. Nb3 Ba7 10. Qe2 d6 11. a4 Bd7 12. Be3 Bxe3 13. Qxe3 Ne5 14. Nd2 0-0 15. a5 Rab8 16. h3 Nc6 17. Nb3 Ne5 18. Nd2 Nc6 19. Nb3 1/2-1/2

[Event "Oberliga Baden 0405"]
[Site "Germany"]
[Date "2005.01.16"]
[Round "5.5"]
[White "Srokowski, Jaroslav"]
[Black "Hess, Markus"]
[Result "1-0"]
[WhiteElo "2435"]
[BlackElo "2159"]
[PlyCount "75"]
[EventDate "2004.10.24"]
[EventType "team-tourn"]
[EventRounds "9"]
[EventCountry "GER"]
[SourceTitle "EXT 2007"]
[Source "ChessBase"]
[SourceDate "2006.11.23"]
[SourceVersion "1"]
[SourceVersionDate "2006.11.23"]
[SourceQuality "1"]
[WhiteTeam "Baden Oos II"]
[BlackTeam "Ladenburg"]
[WhiteTeamCountry "GER"]
[BlackTeamCountry "GER"]

1. e4 c6 2. c4 d5 3. exd5 cxd5 4. cxd5 a6 5. Nc3 Nf6 6. Nf3 g6 7. Bc4 Bg7 8. a4 0-0 9. 0-0 a5 10. d3 Na6 11. Bg5 Nb4 12. Qb3 Bf5 13. Ne5 Ne8 14. Rfe1 Nd6 15. Bh4 h5 16. Nf3 Re8 17. Ne4 Rc8 18. Nxd6 Qxd6 19. Bb5 Qxd5 20. Bc4 Rxc4 21. dxc4 Qc5 22. Qa3 Qxc4 23. Rac1 Nc2 24. Rxe7 Rd8 25. Ree1 Rd7 26. Re8+ Kh7 27. Ng5+ Kh6 28. Qg3 Bxb2 29. Rf1 Bf6 30. Qb8 Qxh4 31. Nf3 g5 32. Rh8+ Kg6 33. Nxh4+ gxh4 34. Qg8+ Bg7 35. Qh7+ Kf6 36. Qxh5 Nd4 37. Qxh4+ Ke5 38. Re8+ 1-0

[Event "Oberliga Baden 0304 "]
[Site "Germany"]
[Date "2003.10.12"]
[Round "1.3"]
[White "Mandl, Rudolf"]
[Black "Srokowski, Jaroslav"]
[Result "0-1"]
[WhiteElo "2245"]
[BlackElo "2453"]
[PlyCount "112"]
[EventDate "2003.10.12"]
[EventType "team-tourn"]
[EventRounds "9"]
[EventCountry "GER"]
[SourceTitle "EXT 2006"]
[Source "ChessBase"]
[SourceDate "2005.11.24"]
[SourceVersion "1"]
[SourceVersionDate "2005.11.24"]
[SourceQuality "1"]
[WhiteTeam "Eppingen II"]
[BlackTeam "Baden Oos II"]
[WhiteTeamCountry "GER"]
[BlackTeamCountry "GER"]

1. e4 c5 2. d3 e6 3. g3 d5 4. Bg2 dxe4 5. dxe4 Qxd1+ 6. Kxd1 Bd7 7. Nd2 Bc6 8. Nc4 Nf6 9. f3 Bb5 10. Bf1 Ba6 11. Nh3 Nc6 12. c3 h6 13. a4 Be7 14. Nf2 g5 15. Kc2 0-0-0 16. Bd2 Rhg8 17. Re1 h5 18. b3 h4 19. g4 Nd7 20. f4 gxf4 21. Bxf4 Bxc4 22. Bxc4 Bg5 23. Bxg5 Rxg5 24. Bb5 Nce5 25. Bxd7+ Rxd7 26. h3 Rg8 27. Rd1 Rg6 28. Nd3 Nxd3 29. Rxd3 Rf6 30. Rhd1 Rxd3 31. Rxd3 Rf2+ 32. Rd2 Rf3 33. Rd3 Rf2+ 34. Rd2 Rf3 35. Rd3 Rf4 36. Re3 c4 37. bxc4 Kc7 38. Kb3 Kc6 39. e5 Rf1 40. Rd3 Rb1+ 41. Kc2 Rf1 42. Kb3 Re1 43. Rf3 Rxe5 44. Rxf7 Re3 45. Rh7 Rxh3 46. g5 Rg3 47. Rxh4 Rxg5 48. Rh6 Re5 49. Kc2 b6 50. Rh7 Ra5 51. Kb3 Kd6 52. Kb4 e5 53. c5+ Rxc5 54. Rxa7 e4 55. c4 e3 56. Kc3 Re5 0-1

[Event "BL2-West 0203"]
[Site "Germany"]
[Date "2003.02.23"]
[Round "7.1"]
[White "Van der Wiel, John"]
[Black "Srokowski, Jaroslav"]
[Result "1/2-1/2"]
[WhiteElo "2509"]
[BlackElo "2451"]
[PlyCount "44"]
[EventDate "2002.10.20"]
[EventType "team-tourn"]
[EventRounds "9"]
[EventCountry "GER"]
[SourceTitle "EXT 2004"]
[Source "ChessBase"]
[SourceDate "2003.11.25"]
[SourceVersion "1"]
[SourceVersionDate "2003.11.25"]
[SourceQuality "1"]
[WhiteTeam "Koeln Porz II"]
[BlackTeam "Remagen"]
[WhiteTeamCountry "GER"]
[BlackTeamCountry "GER"]

1. e4 c5 2. Nf3 e6 3. d4 cxd4 4. Nxd4 Nc6 5. Nc3 Qc7 6. Be2 a6 7. 0-0 Nf6 8. Kh1 Nxd4 9. Qxd4 Bc5 10. Qd3 b5 11. f4 Bb7 12. Bf3 0-0 13. e5 Ne8 14. Bxb7 Qxb7 15. f5 f6 16. Bf4 Qc6 17. Rad1 Rf7 18. h3 Rc8 19. exf6 Nxf6 20. Be5 Be7 21. Bxf6 Bxf6 22. Ne4 Be7 1/2-1/2

[Event "Oberliga Sued W 0102"]
[Site "Germany"]
[Date "2002.04.14"]
[Round "?"]
[White "Philippe, Christophe"]
[Black "Srokowski, Jaroslav"]
[Result "1/2-1/2"]
[WhiteElo "2298"]
[BlackElo "2442"]
[PlyCount "55"]
[EventDate "2001.10.09"]
[EventType "team"]
[EventRounds "9"]
[EventCountry "GER"]
[SourceTitle "EXT 2003"]
[Source "ChessBase"]
[SourceDate "2002.11.25"]
[SourceVersion "1"]
[SourceVersionDate "2002.11.25"]
[SourceQuality "1"]

1. e4 e6 2. d4 c5 3. Nf3 cxd4 4. Nxd4 a6 5. Bd3 Qc7 6. 0-0 Nf6 7. Qe2 d6 8. c4 Nbd7 9. Nc3 Be7 10. Kh1 b6 11. b3 b5 12. Bb2 b4 13. Nd1 Nc5 14. f4 Nxd3 15. Qxd3 Bb7 16. Nf2 0-0 17. f5 Bc8 18. Nc2 Qb7 19. Ne3 exf5 20. exf5 Bd7 21. Nfg4 Nxg4 22. Nxg4 f6 23. Rae1 Bc6 24. Ne3 Rf7 25. Nd5 Bf8 26. Nf4 d5 27. Nxd5 Bxd5 28. cxd5 1/2-1/2

[Event "Oberliga Sued W 0102"]
[Site "Germany"]
[Date "2001.09.23"]
[Round "?"]
[White "Srokowski, Jaroslav"]
[Black "Wagener, Claude"]
[Result "1-0"]
[WhiteElo "2442"]
[BlackElo "2254"]
[PlyCount "37"]
[EventDate "2001.10.09"]
[EventType "team"]
[EventRounds "9"]
[EventCountry "GER"]
[SourceTitle "EXT 2003"]
[Source "ChessBase"]
[SourceDate "2002.11.25"]
[SourceVersion "1"]
[SourceVersionDate "2002.11.25"]
[SourceQuality "1"]

1. e4 e6 2. d4 d5 3. Nd2 Be7 4. e5 c5 5. Qg4 g5 6. Qh5 Nc6 7. Ndf3 cxd4 8. Nh3 Qc7 9. Nhxg5 Nxe5 10. Bb5+ Bd7 11. Nxe6 Nxf3+ 12. gxf3 Qd6 13. Bxd7+ Kxd7 14. Nxd4 Re8 15. Be3 Qb4+ 16. c3 Qxb2 17. Qxd5+ Kc8 18. 0-0 Nf6 19. Qc4+ 1-0

[Event "Oberliga NRW 0001 I"]
[Site "NRW"]
[Date "2001.04.22"]
[Round "8.1"]
[White "Odendahl, Reiner"]
[Black "Srokowski, Jaroslav"]
[Result "1/2-1/2"]
[WhiteElo "2349"]
[BlackElo "2450"]
[PlyCount "52"]
[EventDate "2000.09.24"]
[EventType "team"]
[EventRounds "9"]
[EventCountry "GER"]
[SourceTitle "EXT 2006"]
[Source "ChessBase"]
[SourceDate "2005.11.24"]
[SourceVersion "1"]
[SourceVersionDate "2005.11.24"]
[SourceQuality "1"]
[WhiteTeam "Elberfeld"]
[BlackTeam "Krefeld"]
[WhiteTeamCountry "GER"]
[BlackTeamCountry "GER"]

1. c4 c5 2. g3 g6 3. Bg2 Bg7 4. Nc3 Nc6 5. a3 d6 6. Nf3 Qd7 7. 0-0 b6 8. b4 Bb7 9. Bb2 cxb4 10. axb4 Nxb4 11. Qb3 Nc6 12. Nd5 e5 13. Ng5 Nf6 14. Nxf6+ Bxf6 15. Ne4 Be7 16. f4 f5 17. Nc3 Na5 18. Qb5 Bxg2 19. Kxg2 Rc8 20. d3 exf4 21. Qxd7+ Kxd7 22. Nd5 Rhe8 23. gxf4 Bh4 24. Kf3 Re6 25. Ra2 Nc6 26. Rfa1 Bd8 1/2-1/2

[Event "RLP-chT 9899"]
[Site "Germany"]
[Date "1999.02.21"]
[Round "7.2"]
[White "Srokowski, Jaroslav"]
[Black "Fancsy, Imre"]
[Result "1-0"]
[WhiteElo "2430"]
[BlackElo "2385"]
[PlyCount "67"]
[EventDate "1998.??.??"]
[EventType "team"]
[EventRounds "9"]
[EventCountry "GER"]
[SourceTitle "EXT 2002"]
[Source "ChessBase"]
[SourceDate "2001.11.25"]
[SourceVersion "1"]
[SourceVersionDate "2001.11.25"]
[SourceQuality "1"]

1. c4 e6 2. Nf3 d5 3. d4 Nf6 4. Bg5 Be7 5. Nc3 0-0 6. Qc2 h6 7. Bh4 b6 8. e3 Bb7 9. Bxf6 Bxf6 10. cxd5 exd5 11. 0-0-0 c5 12. dxc5 Nd7 13. c6 Bxc6 14. Nd4 Bb7 15. Kb1 a6 16. g4 b5 17. h4 b4 18. Na4 Bxh4 19. Nf5 Bf6 20. Nd6 Qb8 21. Nxb7 Qxb7 22. Bg2 Rac8 23. Qb3 Nc5 24. Nxc5 Rxc5 25. Bxd5 Qb5 26. f4 a5 27. e4 Qe2 28. e5 a4 29. Qxb4 Be7 30. Qxa4 Qxg4 31. Qe4 Kh8 32. Rdg1 Qd7 33. Qg2 Bg5 34. Qxg5 1-0

[Event "RLP-chT 9899"]
[Site "Germany"]
[Date "1999.01.10"]
[Round "5.2"]
[White "Bruch, Jochen"]
[Black "Srokowski, Jaroslav"]
[Result "1-0"]
[WhiteElo "2285"]
[BlackElo "2430"]
[PlyCount "203"]
[EventDate "1998.??.??"]
[EventType "team"]
[EventRounds "9"]
[EventCountry "GER"]
[SourceTitle "EXT 2001"]
[Source "ChessBase"]
[SourceDate "2000.11.22"]
[SourceVersion "1"]
[SourceVersionDate "2000.11.22"]
[SourceQuality "1"]

1. Nf3 c5 2. g3 d5 3. Bg2 Nf6 4. 0-0 Nc6 5. d3 e6 6. Nbd2 b6 7. e4 Bb7 8. c3 Qc7 9. Re1 Be7 10. Nf1 dxe4 11. dxe4 0-0 12. Bf4 Qc8 13. Qc2 Nd7 14. Bh3 Rd8 15. Ne3 Nf8 16. Nd5 Ng6 17. Nxe7+ Ncxe7 18. Bg5 h6 19. Bxe7 Nxe7 20. Bg2 Qc7 21. Rad1 Ng6 22. Re3 Ba6 23. Bf1 Rxd1 24. Qxd1 Rd8 25. Qc2 Bb7 26. Rd3 Rxd3 27. Qxd3 Kf8 28. Bg2 Ke7 29. h4 Nf8 30. Nd2 Nd7 31. Qe2 Bc6 32. Nf1 Qb7 33. Qg4 Kf8 34. Qf4 e5 35. Qd2 Ke7 36. Ne3 Qc7 37. f3 g6 38. c4 Nf6 39. Nd5+ Bxd5 40. exd5 h5 41. Qe3 Kf8 42. Bh3 Ne8 43. Qh6+ Kg8 44. Qg5 Kg7 45. Qe3 Kf8 46. Qh6+ Kg8 47. Qe3 Qe7 48. Bf1 Nd6 49. Bd3 Kg7 50. b3 f5 51. Bc2 Qf6 52. Qc3 Nf7 53. Qd3 Kf8 54. Kg2 Ke7 55. Kh3 Kd7 56. a3 Nd6 57. Qc3 Ke7 58. Qe3 Nf7 59. Qd3 Kf8 60. b4 Kg7 61. bxc5 bxc5 62. Qe3 Qb6 63. Qc3 Kf6 64. Kg2 Nd6 65. Kf2 Qa6 66. Bd3 Nc8 67. Qc1 Ne7 68. Qh6 Qc8 69. Qg5+ Kf7 70. d6 Ng8 71. g4 hxg4 72. h5 gxh5 73. Bxf5 Qb7 74. Qxh5+ Kf8 75. Bxg4 Qb2+ 76. Kg3 Qd4 77. Qf5+ Kg7 78. Qg5+ Kf8 79. d7 Qg1+ 80. Kh4 Qh2+ 81. Bh3 Qf2+ 82. Kg4 Qg1+ 83. Kh5 Qxg5+ 84. Kxg5 Ke7 85. Kg6 Kd8 86. Kf7 Ne7 87. Ke6 Nc6 88. Kd6 Nd4 89. Bg4 a5 90. Kxc5 Nc2 91. a4 Ne3 92. Bh3 Kc7 93. Kb5 Kd8 94. Kxa5 Nxc4+ 95. Kb4 Nb6 96. a5 Nd5+ 97. Kc5 Nf4 98. Bg4 Nd3+ 99. Kd6 e4 100. a6 Nb2 101. a7 Nc4+ 102. Kc5 1-0

[Event "Oberliga Sued W 9798"]
[Site "Germany"]
[Date "1998.??.??"]
[Round "?"]
[White "Lambert, Andreas"]
[Black "Srokowski, Jaroslav"]
[Result "0-1"]
[WhiteElo "2270"]
[BlackElo "2430"]
[PlyCount "108"]
[EventDate "1997.10.??"]
[EventType "team"]
[EventRounds "9"]
[EventCountry "GER"]
[SourceTitle "EXT 2000"]
[Source "ChessBase"]
[SourceDate "1999.11.16"]
[SourceVersion "1"]
[SourceVersionDate "1999.11.16"]
[SourceQuality "1"]

1. Nf3 c5 2. c4 d6 3. Nc3 Nf6 4. d4 cxd4 5. Nxd4 b6 6. e4 Bb7 7. f3 e6 8. Be2 Be7 9. 0-0 0-0 10. Be3 Nbd7 11. Qd2 a6 12. Rfd1 Qc7 13. Rac1 Rac8 14. Bf1 Qb8 15. b3 Bd8 16. Qf2 Bc7 17. g4 Ne5 18. h3 Ng6 19. Bg2 Rfe8 20. Nde2 Ba8 21. h4 d5 22. g5 Nh5 23. cxd5 Bh2+ 24. Kf1 Ng3+ 25. Nxg3 Bxg3 26. Qe2 exd5 27. Nxd5 Rxc1 28. Bxc1 Nxh4 29. Nc3 Bf4 30. Qf2 Nxg2 31. Qxg2 Bxc1 32. Rxc1 Qe5 33. Qd2 Qg3 34. Qg2 Qe5 35. Qd2 Qg3 36. Qg2 Qf4 37. Ne2 Qd6 38. Qg4 Bb7 39. Qf4 Qe6 40. Rc7 Bc8 41. Nd4 Qh3+ 42. Kf2 Rf8 43. Nc6 Be6 44. g6 hxg6 45. Ne7+ Kh7 46. Rc2 Qh1 47. Rc1 Qh5 48. Rc2 Re8 49. Ke3 Rxe7 50. Rh2 Bh3 51. Qg3 Qc5+ 52. Ke2 Qc2+ 53. Ke3 Qc3+ 54. Ke2 Rxe4+ 0-1

[Event "Oberliga Sued W 9798"]
[Site "Germany"]
[Date "1998.??.??"]
[Round "?"]
[White "Srokowski, Jaroslav"]
[Black "Berend, Fred"]
[Result "1-0"]
[WhiteElo "2430"]
[BlackElo "2345"]
[PlyCount "131"]
[EventDate "1997.10.??"]
[EventType "team"]
[EventRounds "9"]
[EventCountry "GER"]
[SourceTitle "EXT 2000"]
[Source "ChessBase"]
[SourceDate "1999.11.16"]
[SourceVersion "1"]
[SourceVersionDate "1999.11.16"]
[SourceQuality "1"]

1. e4 c5 2. Nf3 e6 3. d4 cxd4 4. Nxd4 Nc6 5. Nb5 d6 6. c4 Nf6 7. N1c3 a6 8. Na3 Be7 9. Be2 b6 10. 0-0 Bb7 11. Be3 Ne5 12. f4 Ned7 13. Bf3 h6 14. Qe2 Qc7 15. h3 0-0 16. Rac1 Rac8 17. Rfd1 Rfe8 18. Bf2 Qb8 19. Nab1 Bc6 20. a4 Nc5 21. Qc2 Red8 22. b4 Ncd7 23. Nd2 Ba8 24. Qb2 Bf8 25. Be3 Nh7 26. Kh1 Be7 27. Rb1 Bf6 28. Qb3 Nhf8 29. Rdc1 Ng6 30. g3 Ne7 31. Qa3 Qc7 32. Nd1 Nc6 33. Nb3 Be7 34. b5 Ncb8 35. a5 bxa5 36. Nxa5 d5 37. Qxe7 Qxa5 38. exd5 Nf6 39. b6 Rd7 40. Qb4 Qxb4 41. Rxb4 exd5 42. Kg2 Bb7 43. c5 Nc6 44. Ra4 Re8 45. Bd4 Ne4 46. Rc2 g6 47. Nf2 Rc8 48. Ng4 h5 49. Nf6+ Nxf6 50. Bxf6 Re8 51. g4 Re6 52. g5 d4 53. Rd2 d3 54. Kf2 Kf8 55. Ra3 Nb4 56. Bxb7 Rxb7 57. Raxd3 Nxd3+ 58. Rxd3 Rb8 59. Be5 Rxe5 60. fxe5 Ke7 61. Rc3 Kd8 62. Ke3 Kc8 63. Rd3 Rb7 64. Ke4 Rb8 65. Rf3 Rb7 66. Rb3 1-0

[Event "Oberliga Sued W 9596"]
[Site "Germany"]
[Date "1996.??.??"]
[Round "?"]
[White "Scherer, Ralf"]
[Black "Srokowski, Jaroslav"]
[Result "0-1"]
[WhiteElo "2240"]
[BlackElo "2425"]
[PlyCount "60"]
[EventDate "1995.10.??"]
[EventType "team"]
[EventRounds "9"]
[EventCountry "GER"]
[SourceTitle "EXT 2000"]
[Source "ChessBase"]
[SourceDate "1999.11.16"]
[SourceVersion "1"]
[SourceVersionDate "1999.11.16"]
[SourceQuality "1"]

1. e4 c5 2. Nf3 e6 3. d4 cxd4 4. Nxd4 Nc6 5. Nc3 Qc7 6. g3 a6 7. Bg2 Bb4 8. 0-0 Bxc3 9. bxc3 Ne5 10. f4 Nc4 11. Qg4 Kf8 12. e5 d6 13. exd6 Nxd6 14. Ba3 Nf6 15. Qd1 Nfe8 16. f5 exf5 17. Nxf5 Bxf5 18. Rxf5 Kg8 19. Rf2 h5 20. Bd5 Rd8 21. Qf3 Nf6 22. Bxd6 Rxd6 23. Bxb7 Ng4 24. Re1 Nxf2 25. Re8+ Kh7 26. Qxh5+ Rh6 27. Qf5+ g6 28. Rxh8+ Kxh8 29. Qf6+ Kg8 30. Bd5 Ng4 0-1

[Event "Oberliga Sued W 9697"]
[Site "Germany"]
[Date "1996.??.??"]
[Round "?"]
[White "Srokowski, Jaroslav"]
[Black "Elsen, Mark"]
[Result "1-0"]
[WhiteElo "2435"]
[BlackElo "2225"]
[PlyCount "59"]
[EventDate "1996.10.??"]
[EventType "team"]
[EventRounds "9"]
[EventCountry "GER"]
[SourceTitle "EXT 2000"]
[Source "ChessBase"]
[SourceDate "1999.11.16"]
[SourceVersion "1"]
[SourceVersionDate "1999.11.16"]
[SourceQuality "1"]

1. d4 d5 2. c4 c6 3. Nf3 Nf6 4. Qc2 e6 5. Bg5 Nbd7 6. Nbd2 Be7 7. e3 0-0 8. Bd3 Re8 9. 0-0 h6 10. Bf4 c5 11. Rfd1 b6 12. e4 Bb7 13. cxd5 exd5 14. e5 Nh5 15. Be3 cxd4 16. Bxd4 Nf4 17. Bf1 Bf8 18. Nb3 Ne6 19. Re1 a6 20. Rad1 Ndc5 21. Bc3 Qc7 22. Qb1 Nxb3 23. axb3 Nc5 24. Qf5 Nxb3 25. e6 fxe6 26. Rxe6 Nc5 27. Rg6 Rad8 28. Qh3 Kh7 29. Ng5+ Kg8 30. Qxh6 1-0

[Event "Oberliga Sued W 9596"]
[Site "Germany"]
[Date "1996.??.??"]
[Round "?"]
[White "Srokowski, Jaroslav"]
[Black "Wehbe, Ricardo"]
[Result "1-0"]
[WhiteElo "2425"]
[BlackElo "2255"]
[PlyCount "87"]
[EventDate "1995.10.??"]
[EventType "team"]
[EventRounds "9"]
[EventCountry "GER"]
[SourceTitle "EXT 2000"]
[Source "ChessBase"]
[SourceDate "1999.11.16"]
[SourceVersion "1"]
[SourceVersionDate "1999.11.16"]
[SourceQuality "1"]

1. e4 c5 2. Nf3 d6 3. c3 Nf6 4. Bd3 Nc6 5. h3 g6 6. 0-0 Bg7 7. Bc2 0-0 8. Re1 e5 9. d3 d5 10. Nbd2 h6 11. Ba4 dxe4 12. dxe4 Qe7 13. Bxc6 bxc6 14. Nc4 Nh5 15. Qa4 Bd7 16. Be3 Nf4 17. Rad1 Rfd8 18. Qa5 Qe6 19. Bxf4 exf4 20. Qxc5 Bf8 21. Qd4 c5 22. Qd5 Qa6 23. Nce5 Be6 24. Qxd8 Rxd8 25. Rxd8 Qxa2 26. Nd7 Bxd7 27. Rxd7 Qxb2 28. Rxa7 c4 29. Rc7 Qxc3 30. Rd1 Qb3 31. Rc1 Ba3 32. R1xc4 Qd1+ 33. Kh2 Qe2 34. Ra4 Bd6 35. Rd7 Bc5 36. Rd2 Qb5 37. Ra8+ Kg7 38. e5 Qb6 39. Raa2 g5 40. Re2 Qe6 41. Rac2 Bb6 42. Red2 Qf5 43. Rc6 Ba7 44. e6 1-0

[Event "Enghien les Bains 1st"]
[Site "Enghien les Bains"]
[Date "1995.??.??"]
[Round "8"]
[White "Bacrot, Etienne"]
[Black "Srokowski, Jaroslav"]
[Result "1/2-1/2"]
[WhiteElo "2395"]
[BlackElo "2435"]
[PlyCount "65"]
[EventDate "1995.??.??"]
[EventType "tourn"]
[EventRounds "9"]
[EventCountry "FRA"]
[EventCategory "4"]
[SourceTitle "EXT 1997"]
[Source "ChessBase"]
[SourceDate "1996.11.15"]
[SourceVersion "1"]
[SourceVersionDate "1996.11.15"]
[SourceQuality "1"]

1. d4 g6 2. c4 Bg7 3. Nf3 c5 4. d5 f5 5. Nc3 Bxc3+ 6. bxc3 Qa5 7. Qc2 d6 8. Bf4 Nf6 9. e3 Nbd7 10. Be2 Nb6 11. 0-0 Bd7 12. Nd2 0-0-0 13. a4 Ne4 14. Nxe4 fxe4 15. Qxe4 Rde8 16. Ra3 a6 17. Rfa1 Kc7 18. Qc2 Rhf8 19. Bg3 e5 20. dxe6 Bxe6 21. Qb3 Bd7 22. R3a2 Rf6 23. Bf3 Rxf3 24. gxf3 Be6 25. Rb2 Bxc4 26. Qd1 Nc8 27. Rab1 b5 28. axb5 axb5 29. Rd2 Re6 30. Qc1 Nb6 31. Qd1 Nc8 32. Qc1 Nb6 33. Qd1 1/2-1/2

[Event "Enghien les Bains 1st"]
[Site "Enghien les Bains"]
[Date "1995.??.??"]
[Round "1"]
[White "Rausis, Igors"]
[Black "Srokowski, Jaroslav"]
[Result "1-0"]
[WhiteElo "2515"]
[BlackElo "2435"]
[PlyCount "125"]
[EventDate "1995.??.??"]
[EventType "tourn"]
[EventRounds "9"]
[EventCountry "FRA"]
[EventCategory "4"]
[SourceTitle "EXT 1997"]
[Source "ChessBase"]
[SourceDate "1996.11.15"]
[SourceVersion "1"]
[SourceVersionDate "1996.11.15"]
[SourceQuality "1"]

1. e4 e6 2. d4 c5 3. c3 Nf6 4. e5 Nd5 5. Nf3 cxd4 6. cxd4 b6 7. Nc3 Nxc3 8. bxc3 Ba6 9. Bxa6 Nxa6 10. h4 Nc7 11. Rh3 d5 12. Rg3 Qd7 13. a4 0-0-0 14. Kf1 Kb7 15. Kg1 Rc8 16. Ne1 Na6 17. Qb3 f5 18. Nd3 Ka8 19. h5 Rg8 20. h6 g6 21. Bg5 Nc7 22. Nf4 Be7 23. Bxe7 Qxe7 24. c4 Qh4 25. Qf3 g5 26. Nxe6 Nxe6 27. Qxd5+ Kb8 28. Qxe6 Qxd4 29. Rga3 Rge8 30. Qxf5 Rxe5 31. Qxh7 Re2 32. Qf5 g4 33. Rf1 Rc5 34. Rd3 Qxc4 35. Rd8+ Kb7 36. Rd7+ Ka6 37. Qh7 Ka5 38. Rxa7+ Kb4 39. Qb1+ Ka3 40. h7 g3 41. h8Q gxf2+ 42. Rxf2 Rxf2 43. Kxf2 Qf4+ 44. Kg1 Rc1+ 45. Qxc1+ Qxc1+ 46. Kf2 Qf4+ 47. Kg1 Qc1+ 48. Kh2 Qf4+ 49. Kh3 Qf5+ 50. Kg3 Qg5+ 51. Kf3 Qf5+ 52. Ke3 Qg5+ 53. Kd3 Qg3+ 54. Kd4 Qf2+ 55. Kd5 Qxg2+ 56. Kd6 Qg6+ 57. Kc7 Qg3+ 58. Kb7 Qf3+ 59. Kb8 Qf4+ 60. Ka8 Qe4+ 61. Rb7 Qc6 62. Qa1+ Kb4 63. Ka7 1-0